00294nam a22000977a 4500100001700000100001100017245009200028260003000120300000900150700003700159 agulshan Oad  a98CE89 aTime Management Structural work of MCB Tower, Karachi Using Primavera & MS-Project 2002 aNawabshah:bQUEST,c1998. a95p. aDepartment of Civil Engineering